| 000 | 01585nam a22002417a 4500 | ||
|---|---|---|---|
| 003 | OSt | ||
| 005 | 20210414104357.0 | ||
| 008 | 210311s1926 ||||| |||| 00| 0 geo d | ||
| 040 |
_aeng _beng _cDLC |
||
| 041 |
_ageo _arus _dfre |
||
| 080 |
_a7 _bP-57 |
||
| 100 |
_91343 _aტაბიძე, ტიციან / Tabidze, Titian / Табидзе, Тициан |
||
| 245 |
_aნიკო ფიროსმანიშვილი / Niko Pirosmanishvili / Нико Пиросманишвили / Niko Phirosmanichvily _c/ by: საქართველოს სახელმწიფო გამომცემლობა / Государственное Издательство Грузии / Georgia State Publishing |
||
| 260 |
_aტფილისი / Tbilisi / Тифлис _bსაქართველოს სახელმწიფო გამომცემლობა / Государственное Издательство Грузии / Georgia State Publishing _c1972 |
||
| 300 |
_a204 p. _bill. |
||
| 650 | 0 |
_9447 _aArt |
|
| 653 | _aხელოვნება | ||
| 700 |
_91344 _aრობაქიძე, გრიგოლ / Robakidze, Grigol / Робакидзе, Григол |
||
| 700 |
_91345 _aქიქოძე, გერონტი / Kikodze, Geront / Кикодзе, Геронт |
||
| 700 |
_91346 _aზდანევიჩი, კირილ / Zdanevich, Kiril / Зданевич, Кирилл |
||
| 700 |
_91347 _aჩერნიავსკო, კოლაუ / Cherniavsko, Kolau / Чернявский, Коллау |
||
| 942 |
_2udc _cBK |
||
| 999 |
_c2118 _d2118 |
||